000 00433nam a2200157Ia 4500
008 230917s9999||||xx |||||||||||||| ||und||
040 _e115528
_aMAIN
041 _aEnglish
082 _a515.353 S64P
100 _aSingh, S
245 0 _aPartial Differential equations with boundary value priblems &numerical solution of PDE
250 _a3rd ed.
260 _aMeerut
_bShiksha Sahitya
_c2007
300 _a640p p.
942 _cBK
999 _c142187
_d142187